00487nam a22001457a 450000500170000000800410001702000280005804100130008608200130009910000410011224500820015326000560023530000250029165000250031620240122070715.0240122b |||||||| |||| 00| 0 eng d a0409003301 ; 0409003840 aEnglish  a349 JOU  aJoubert, WA and Scott, TJ lEnglish  aThe Law of South Africa : Things to Time-sharing / cWA Joubert and TJ Scott  aDurban : bButterworth Publishers (Pty) Ltd, c1987 b364 pages ; c26 cm. aLegal practice bLaw